000 00564nam a2200205 u 4500
001 000003574
003 DO-SdBNP
005 20220906104352.0
007 ta
008 090710s1990 dr r 000 0 spa d
040 _aDO-SdBNP
_bspa
_cBNPHU
082 4 _bC761t
_222
245 0 0 _aContemplar al que traspasaron :
_bteología y praxis desde el corazón.
260 _aSanto Domingo :
_bMisioneros Sagrados Corazones,
_c1990.
300 _a298 p. ;
_c22 cm.
500 _aIncluye índice
590 _aInventariado, 2022 / DG
910 _aDG
942 _2ddc
_cLBS1
999 _c3398
_d3398